LDR 00679naa#a2200169#i#450# 001 EN\\bibl\118112 005 20260428133419.2 011 ## _a3033-8239 100 ## _a20260401b2026####ek#y0engy0150####ca 102 ## _aRU 200 1# _aTHE ROLE OF THE NATIONAL PROJECT "DATA ECONOMY AND DIGITAL TRANSFORMATION OF THE STATE" IN THE FORMATION OF RUSSIA'S INTELLECTUAL SOVEREIGNTY _eJournal article 210 1# _aArmavir _cAutonomous Non-Commercial Organization Research Institute "Digital Philosophy - Digital Intelligence" _d2026 215 ## _a0 с. 608 ## _aJournal article _2local 675 ## _aСуверенитет. 321.011 _z 700 #1 _aDudnik _gAnna Igorevna 856 4# _aintellectualsovereignty.ru _u